000 00571nam a2200229Ia 4500
003 OSt
005 20230518104639.0
008 210423s2012 xx 000 0 und d
020 _a0-19568617-9
040 _cAL
041 _aeng
082 _a547 LOUO
_223
100 _aLOUDON (G Marc).
_9107812
245 _aOrganic chemistry Ed4
250 _a4
260 _aNew Delhi
_bOxford University Press
_c2012
300 _axxxiii,1353
_bPB
365 _b695
_cINR
650 _aOrganic Chemistry
_9107813
906 _achemistry ; Ed4 ; Organic
942 _2ddc
_cBK
999 _c165042
_d165042